| 000 | 00731nam a2200229 a 4500 | ||
|---|---|---|---|
| 001 | 70788 | ||
| 003 | BD-RjUL | ||
| 005 | 20211209082036.0 | ||
| 008 | 170419s1963 enka b 001 0 eng | ||
| 035 | _a(BD-RjUL)71002 | ||
| 040 |
_aDLC _cWSU _dSER _dUKM _dEQO _dBD-RjUL _beng |
||
| 041 | _aeng | ||
| 082 |
_a660.284 _223 _bSAI 1963 |
||
| 100 | 1 |
_aSamuelson, Olof, _d1914- _9209523 |
|
| 245 | 1 | 0 |
_aIon exchange separations in analytical chemistry / _cOlof Samuelson |
| 260 |
_aStockholm : _bWiley, _c1963 |
||
| 300 |
_a474 p. : _bill. ; _c24 cm. |
||
| 500 | _aGreatly revised ed. of Ion exchangers in analytical chemistry, published in 1953. | ||
| 504 | _aIncludes bibliography. | ||
| 650 | 0 |
_aIon exchange. _9169991 |
|
| 942 |
_2ddc _cBK |
||
| 999 |
_c70788 _d70788 |
||